| 000 | 01146cac a22002895a 4500 | ||
|---|---|---|---|
| 999 |
_c1161 _d1161 |
||
| 003 | EG-ScBUE | ||
| 005 | 20191230101204.0 | ||
| 007 | ta | ||
| 008 | 130122s2004 ii a f 000 0 eng d | ||
| 020 | _a8127216550 | ||
| 040 |
_aEG-ScBUE _beng _erda _cEG-ScBUE _dEG-ScBUE |
||
| 082 | 0 | 4 |
_a808.066 _bBAL _222 |
| 100 | 1 |
_aBalamohandas, V, _eauthor. _931978 |
|
| 245 | 1 | 0 |
_aBusiness correspondence and report writing / _cProf. V. Balamohandas, m.com. Ph.D, chairman, Faculty of Commerce and Management Studies, Andhra University, Visakapatnam, Dr. Mrs. C. Satyadevi m.com. Ph.D., head of the Department of Commerce, Ch.S.D. st. Theresa's College of Women, Eluru. |
| 250 | _aThird revised edition. | ||
| 264 | 1 |
_aNew Delhi : _bKalyani Publishers : _c2004. |
|
| 300 |
_a301 pages : _billustrations ; _c24 cm |
||
| 336 |
_2rdacontent _atext _btxt |
||
| 337 |
_2rdamedia _aunmediated _bn |
||
| 338 |
_2rdacarrier _avolume _bnc |
||
| 590 | _aEman kamel | ||
| 650 | 7 |
_aBusiness report writing. _2BUEsh _931979 |
|
| 653 |
_bHHUUEENN _cJuly2019 |
||
| 655 | _vReading book | ||
| 700 | 1 |
_aSatyadevi, C, _eauthor. _931980 |
|
| 942 |
_cBB _k808.066 BAL _2ddc |
||